000 00697nam a2200241Ia 4500
003 OSt
005 20220926013202.0
006 a|||||r|||| 00| 0
007 ta
008 220923b |||||||| |||| 00| 0 eng d
037 _cGeneral Book
040 _aRTL
_cRTL
_beng
041 _2eng
_aeng
082 _aX:72, M6;N3
100 _aSargent Thomas J
_9125288
245 0 _aRational Expectation And Inlfation By Thomas J. Sa
260 _aNew York
_bHarper Collins College Publishers USA
_c1993
300 _aix, 274p
_ccm.
500 _aBib p 257-67
650 _aMacroeconomics
_9186166
942 _hX:72, M6;N3
_cGB
_2CC
999 _c625379
_d625379